000 00510nam a2200205Ia 4500
005 20240626092757.0
008 131103s9999 xx 000 0 und d
020 _cRs.40
040 _aLoreto College
041 _aEnglish
082 _a796
_bVIS
100 _aVisvanath, Jyoti Sing
245 _aBe a sport
_b part 2
_cJyoti Sing Visvanath
260 _aMumbai
_bTata Infomedia
_c2002
300 _a24p.
_b pic.
440 _aBright Sparks
650 _aSports & Game
850 _aLCBED
942 _cBK
999 _c31834
_d82313